| 000 | 00349nam a22001337a 4500 | ||
|---|---|---|---|
| 020 | _a9787508542478 | ||
| 040 | _cNUST | ||
| 082 |
_a320.0951 _bJIA |
||
| 100 |
_a Chen, Jian _986427 |
||
| 245 | _aContemporary China's politics : | ||
| 260 |
_b China Intercontinental Press , _c2020. |
||
| 300 |
_a308p; _billustrations ; _c23 cm |
||
| 942 |
_2ddc _cBK |
||
| 999 |
_c587320 _d587320 |
||